000 00573nam a22001937a 4500
999 _c19269
_d19269
003 AR-CdUCM
008 190517b ||||| |||| 00| 0 spa d
040 _aMUNICIPALIDAD PROVINCIAL DEL CUSCO
_cBIBLIOTECA MUNICIPAL DEL CUSCO
082 _a923.2 /
_bSCH322
100 _aSchelesinger, Arthur M.
_940511
245 _aLos mil días de Kennedy /
260 _aEspaña :
_bSociedad Anonima,
_c1966.
300 _a749 páginas ;
_c23 cm.
505 _aBiografía de Kennedy.
650 _aKennedy.
_935320
650 _aEE.UU.
_96851
942 _2ddc
_cLIBROS
945 _awfj